Construir Sociedades de Conocimiento: (Registro nro. 62444)

Detalles MARC
000 -LEADER
campo de control de longitud fija 01324nam a22002417a 4500
001 - NÚMERO DE CONTROL
campo de control PE-LiUPU
003 - IDENTIFICADOR DE NÚMERO DE CONTROL
campo de control PE-LiUPU
005 - FECHA Y HORA DE LA ÚLTIMA TRANSACCIÓN
campo de control 20240516155446.0
008 - DATOS DE LONGITUD FIJA--INFORMACIÓN GENERAL
campo de control de longitud fija 240516b |||||||| |||| 00| 0 spa d
020 ## - NÚMERO INTERNACIONAL ESTÁNDAR DEL LIBRO
Número Internacional Estándar del Libro 8782789676080
040 ## - FUENTE DE CATALOGACIÓN
Centro catalogador/agencia de origen PE-LiUPU
Lengua de catalogación spa
Centro/agencia transcriptor PE-LiUPU
Normas de descripción rda
082 ## - NÚMERO DE LA CLASIFICACIÓN DECIMAL DEWEY
Número de edición 23
Número de clasificación 378.17
245 ## - MENCIÓN DEL TÍTULO
Título Construir Sociedades de Conocimiento:
Resto del título Nuevos Retos para la Educación Terciaria /
Mención de responsabilidad, etc. Coordinación general: Martha Laverde.
264 ## - PRODUCCIÓN, PUBLICACIÓN, DISTRIBUCIÓN, FABRICACIÓN Y COPYRIGHT
Producción, publicación, distribución, fabricación y copyright Bogotá :
Nombre del de productor, editor, distribuidor, fabricante Banco Mundial ;
Fecha de producción, publicación, distribución, fabricación o copyright 2002.
300 ## - DESCRIPCIÓN FÍSICA
Extensión 213 páginas :
Otras características físicas ilustrado ;
Dimensiones 23 centímetros.
500 ## - NOTA GENERAL
Nota general Incluye al comienzo del libro: prólogo, agradecimientos y glosario de abreviaturas.
504 ## - NOTA DE BIBLIOGRAFÍA, ETC.
Nota de bibliografía, etc. Incluye referencias bibliográficas.
505 ## - NOTA DE CONTENIDO CON FORMATO
Nota de contenido con formato Panorama general y principales hallazgos -- Un entorno global en constante cambio -- Contribución de la educación terciaria al desarrollo social y económico -- Antiguos retos por enfrentar: La crisis permanente de la educación terciaria en los países en desarrollo y transición -- Una relación en cambio : las instituciones de educación terciaria, el mercado y el Estado -- El apoyo del Banco Mundial a la educación terciaria.
650 #0 - PUNTO DE ACCESO ADICIONAL DE MATERIA--TÉRMINO DE MATERIA
Término de materia o nombre geográfico como elemento de entrada Educación superior
Subdivisión general Aspectos económicos
9 (RLIN) 1503
650 #0 - PUNTO DE ACCESO ADICIONAL DE MATERIA--TÉRMINO DE MATERIA
Término de materia o nombre geográfico como elemento de entrada Asistencia educativa
9 (RLIN) 4093
700 ## - ENTRADA AGREGADA--NOMBRE PERSONAL
Nombre de persona Pizarro, Roberto
Término indicativo de función/relación traductor.
9 (RLIN) 4094
942 ## - ELEMENTOS DE ENTRADA SECUNDARIOS (KOHA)
Fuente del sistema de clasificación o colocación Clasificación Decimal Dewey
Tipo de ítem Koha Libros físicos
Suprimir en OPAC No
980 ## - EQUIVALENCIA O REFERENCIA-CRUZADA-MENCIÓN DE SERIE--NOMBRE DE PERSONA/TÍTULO [LOCAL, CANADÁ]
ID del usuario creador del registro 18228
Nombre del creador del registro Christian Lazo Analista Documental
ID del último usuario que modificó el registro 18228
Nombre del último usuario que modificó el registro Christian Lazo Analista Documental

No hay ítems disponibles.